| 000 | 03397nam0a22004811 4500 | ||
|---|---|---|---|
| 001 | RU\NLR\A1\26670 | ||
| 005 | 20260407103946.0 | ||
| 035 | _a(NLR Aleph) 009680989 | ||
| 090 |
_a9701911 _c9701911 |
||
| 100 | _a19980508d1798 m y0rusy50 ca | ||
| 101 | 0 | _arus | |
| 102 | _aRU | ||
| 140 | _ay y cayaa0000 | ||
| 200 | 1 |
_aТоржество правосудия и добродетели, или Доброй судья. _eДрама в пяти действиях. _eС присовокуплением авторова завещания к друзьям своим |
|
| 210 |
_aМосква _cв Университетской типографии, у Ридигера и Клаудия _d1798 |
||
| 215 |
_a142 с. _d12° |
||
| 300 | _aЦенз.: Моск. ценз. (тит. л.) | ||
| 316 |
_aЭкз. РНБ (137/742) является частью владельч. конволюта. Припл. 2 ед. В состав. картон. пер., обтянутом бежеватой бумагой, с кож. коричневыми корешком и уголками. Корешок гладкий, с блинтовым тиснением и фрагм. наклейки с загл. На нижней крышке пер. экслибрис рус. фонда ГПБ с шифром. На форзаце ярлык с шифром РНБ, рукоп. содержание конволюта и владельч. надпись: "Сия книга принадлежит Николаю Холм[нрзб] 1812го году 13го году". На обороте форзаца проба пера - слово "Москва". На обороте тит. л. и с.33 круглый штамп ГПБ _5NLR: 17.139.6.11 |
||
| 316 |
_aЭкз. РНБ (18.166.2.38) в голубой бумаж. обл. На 1-й с. обл. ярлык с шифром РНБ, на 2-йс. обл. старый ярлык. На 1-й с. обл. , на тит. л., с.3, 15, 33, 63, 115, 132, 133, 135 и 142 круглый штамп ГПБ _5NLR: 18.166.2.38 |
||
| 317 |
_aВ экз. РНБ (137/742) на тит. л. надпись: "№ 215 библиотеки Ефремова" _5NLR: 17.139.6.11 |
||
| 317 |
_aЭкз. ЗНБ СГУ из б-ки И.А.Шляпкина _5ЗНБ СГУ |
||
| 321 | 1 | _aСК XVIII 3802 | |
| 517 | 1 | _aДоброй судья | |
| 518 | 1 | _aДобрый судья | |
| 620 | _dМосква | ||
| 700 | 1 |
_4070 _8rus _7ca _aЛопухин _bИ. В. _f1756-1816 _gИван Владимирович _3RU\NLR\AUTH\77106940 _989865 |
|
| 702 | 1 |
_aЕфремов _5NLR: 17.139.6.11 _4390 |
|
| 702 | 1 |
_4610 _7ca _8rus _aРидигер _bХ. _gХристиан _9232514 _3RU\NLR\AUTH\770232570 |
|
| 702 | 1 |
_4610 _7ca _8rus _aКлаудий _bХ.А. _f-1805 _gХристофор Александрович _9232381 _3RU\NLR\AUTH\770232437 |
|
| 702 | 1 |
_4390 _8rus _7ca _aШляпкин _bИ. А. _f1858-1918 _gИлья Александрович _3RU\NLR\AUTH\7784674 _967602 |
|
| 712 | 0 | 2 |
_4610 _aМосковский университет _bТипография _3RU\NLR\AUTH\889932963 _9361140 |
| 801 | 0 |
_aRU _bNLR _c19980508 |
|
| 852 |
_aNLR _j18.166.2.38 |
||
| 852 |
_aNLR _j137/742 |
||
| 899 | _aЗНБ СГУ | ||
| 899 | _aРГБ | ||
| 899 | _aБАН | ||
| 899 | _aГПИБ | ||
| 899 | _aСПбГТБ | ||
| 942 | _cBOOK | ||
| 980 | _aNB | ||
| 980 | _aA1XVIIIv | ||